000 00564nam a2200181 i 4500
001 87083
003 ES-MaACL
005 20251221185604.0
007 t|
008 041220s1971 sp ||||1| spa d
100 1 _aKoschorek, Gerhard.
_968623
245 1 0 _aAsí se aprende a vender /
_cGerhard Koschorek ; [traducción de Carlos von Carstenn Lichlertelde].
260 _a[Salamanca] :
_bAnaya,
_c[1971]
300 _a223 p. ;
_c24 cm.
700 0 _aCarstenn Lichlertelde, Carlos von
_935864
852 _aES-MaACL
_jC-47455
_bR.76507
999 _c87083
_d87083